000 00829nam a2200253 i 4500
001 188635
003 SpMaBN
005 20250804062649.0
008 190115s2011 sp |||| | spa d
020 _a978-84-08-09995-6
080 _a821.134.2-31"19"
100 1 _aSierra, Javier (
_d1971-)
_9147835
245 1 3 _aEl ángel perdido /
_cJavier Sierra.
250 _a1ª ed.
260 _aBarcelona :
_bPlaneta,
_c2011.
300 _a534 p. ;
_c24 cm.
490 1 _aAutores españoles e iberoamericanos
655 0 _aNovelas
_9234319
830 0 _aAutores españoles e iberoamericanos
_9119106
852 _aES-MaACL
_jA-14304
_9195766
_bR.151537
_cDEPO1
_dOlim: N-7304
_hDonación: Javier Sierra
903 _9147835
_aSierra, Javier (
_d1971-)
_ednr
942 _2udc
_cMONOGRAFIA
999 _c188635
_d188635